000 00747nam a22002531 4500
999 _c8928
_d8928
001 8928
003 BD-JhCC
005 20180305190523.0
008 850409s1958 nyua 000 0 eng
035 _a(BD-JhCC)8928
040 _aDLC/ICU
_cICU
_dDLC
_dBD-JhCC
041 _aeng
050 0 0 _aQC320
_b.B7 1958
082 0 0 _a536.2
_bBRO 1958
100 1 _aBrown, Aubrey I.
_q(Aubrey Ingerson),
_d1888-
245 1 0 _aIntroduction to heat transfer
_c[by] Aubrey I. Brown [and] Salvatore M. Marco.
250 _a3d ed.
260 _aNew York,
_bMcGraw-Hill,
_c1958.
300 _a332 p.
_billus.
_c24 cm.
650 0 _aHeat
_xTransmission.
700 1 _aMarco, Salvatore M.
_q(Salvatore Michael),
942 _2ddc
_cBK